00575nam a2200193Ia 4500003000900000008004100009040001600050080001500066100002100081245008300102260001900185300000900204650001600213650001900229700002000248942000700268999001500275952009100290IN-BaIIA211028s9999 xx 000 0 eng d cIIA Library a535.4bJAN aJanossy, L91958 0aOn interference phenomena at low intensities of lightcL. Janossy and Zs Naray aBudapestc1957 a63p. aLight92428 aNASA thesaurus aNaray, Zs93521 cBK c1833d1833 00104070aBANbBANcGENd0000-00-00l0o535.4/ JANp2011r2021-11-05w0000-00-00yBK